Central Library OPAC University of Rajshahi
Normal view MARC view

Entry Personal Name

Number of records used in: 2

001 - CONTROL NUMBER

  • control field: 7025

003 - CONTROL NUMBER IDENTIFIER

  • control field: BD-RjUL

005 - DATE AND TIME OF LATEST TRANSACTION

  • control field: 20230216101623.0

008 - FIXED-LENGTH DATA ELEMENTS

  • fixed length control field: 230216|| aca||aabn | a|a d

040 ## - CATALOGING SOURCE

  • Original cataloging agency: BD-RjUL
  • Transcribing agency: BD-RjUL

100 ## - HEADING--PERSONAL NAME

  • Personal name: ابو الفداء، اسمعيل بن علي،Abu al-Fida, Ismael bin Ali,
  • Dates associated with a name: 1273-1331

670 ## - SOURCE DATA FOUND

  • Source citation: Work cat.: (BD-RjUL)81243: ابو الفداء، اسمعيل بن علي،Abu al-Fida, Ismael bin Ali, 1273-1331, من كتاب المختصر في اخبار البشر /min kitab almukhtasar fi akhbar albashar /, ١٨٣٧